[Event "13th EICC"]
[Site "Plovdiv BUL"]
[Date "2012.03.29"]
[Round "9.44"]
[White "Macieja, Bartlomiej"]
[Black "Heberla, Bartlomiej"]
[Result "1/2-1/2"]
[WhiteTitle "GM"]
[BlackTitle "GM"]
[WhiteElo "2605"]
[BlackElo "2525"]
[WhiteFideId "1104306"]
[BlackFideId "1115120"]
[EventDate "2012.03.20"]
[EventType "swiss"]

1. e4 c6 2. d4 d5 3. e5 Bf5 4. Nf3 e6 5. Be2 Nd7 6. O-O Ne7 7. Nh4 Bg6 8. Nd2
Nf5 9. Nxg6 hxg6 10. Nf3 Nh4 11. g3 Nxf3+ 12. Bxf3 Be7 13. h4 c5 14. c4 dxc4 15.
Bxb7 Rb8 16. Ba6 Qb6 17. Bxc4 cxd4 18. Qa4 Qb7 19. Be2 Bxh4 20. Qa6 Qxa6 21.
Bxa6 Bd8 22. f4 g5 23. b3 Nc5 24. Bc4 g4 25. f5 Bc7 26. Ba3 Ne4 27. fxe6 fxe6
28. Bxe6 Nd2 29. Bf7+ Kd8 30. Rad1 Nxf1 31. Rxd4+ Kc8 32. Be6+ Kb7 33. Bd5+ Kc8
34. Be6+ Kb7 35. Bd5+ Kc8 36. Be6+ 1/2-1/2

[Event "13th EICC"]
[Site "Plovdiv BUL"]
[Date "2012.03.29"]
[Round "9.47"]
[White "Esen, Baris"]
[Black "Postny, Evgeny"]
[Result "0-1"]
[WhiteTitle "GM"]
[BlackTitle "GM"]
[WhiteElo "2555"]
[BlackElo "2662"]
[WhiteFideId "6302114"]
[BlackFideId "2804344"]
[EventDate "2012.03.20"]
[EventType "swiss"]

1. d4 d5 2. Nf3 Nf6 3. c4 dxc4 4. e3 e6 5. Bxc4 a6 6. a4 b6 7. O-O Bb7 8. Nc3 c5
9. Qe2 Nbd7 10. Rd1 Qc7 11. e4 cxd4 12. Nxd4 Bc5 13. Bxe6 fxe6 14. Nxe6 Qe5 15.
Nxg7+ Kf7 16. Nf5 Rag8 17. Be3 Rxg2+ 18. Kxg2 Qxf5 19. f3 Qh5 20. Kh1 Ne5 21.
Rf1 Rg8 22. Bf4 Bc8 23. Be3 Bxe3 24. Qxe3 Qh3 0-1

[Event "13th EICC"]
[Site "Plovdiv BUL"]
[Date "2012.03.29"]
[Round "9.48"]
[White "Radulski, Julian"]
[Black "Mastrovasilis, Dimitrios"]
[Result "0-1"]
[WhiteTitle "GM"]
[BlackTitle "GM"]
[WhiteElo "2552"]
[BlackElo "2631"]
[WhiteFideId "2901595"]
[BlackFideId "4202694"]
[EventDate "2012.03.20"]
[EventType "swiss"]

1. e4 e5 2. Nf3 Nc6 3. Bb5 Nf6 4. d4 exd4 5. O-O a6 6. Ba4 Be7 7. Re1 b5 8. Bb3
d6 9. Bd5 Nxd5 10. exd5 Ne5 11. Nxd4 O-O 12. a4 Bg4 13. Qd2 Bd7 14. Nc3 Rb8 15.
axb5 axb5 16. b3 Re8 17. Bb2 Bg5 18. f4 Bh6 19. g3 Ra8 20. Nd1 Rxa1 21. Bxa1 Ng4
22. Nc6 Qa8 23. Rxe8+ Qxe8 24. h3 Ne5 25. Bxe5 dxe5 26. Nf2 exf4 27. gxf4 g6 28.
Ng4 Bg7 29. Nce5 Bf5 30. c4 h5 31. Ne3 Bxh3 32. Nf3 Qe4 0-1

[Event "13th EICC"]
[Site "Plovdiv BUL"]
[Date "2012.03.29"]
[Round "9.50"]
[White "Mamedov, Rauf"]
[Black "Cornette, Matthieu"]
[Result "1/2-1/2"]
[WhiteTitle "GM"]
[BlackTitle "GM"]
[WhiteElo "2624"]
[BlackElo "2545"]
[WhiteFideId "13401653"]
[BlackFideId "620084"]
[EventDate "2012.03.20"]
[EventType "swiss"]

1. g3 d5 2. Bg2 Nf6 3. d3 g6 4. Nd2 Bg7 5. e4 dxe4 6. dxe4 O-O 7. Ngf3 Nc6 8.
O-O a5 9. a4 e5 10. b3 b6 11. Re1 Re8 12. Bb2 Ba6 13. Bf1 Bxf1 14. Nxf1 Qe7 15.
Qe2 Nd4 16. Nxd4 exd4 17. Bxd4 Qxe4 18. Qxe4 Nxe4 19. Bxg7 Kxg7 20. Rad1 Nf6 21.
Rxe8 Rxe8 22. Ne3 Kf8 23. Kf1 h5 24. Rd4 Ke7 25. Ke2 Rd8 26. Rxd8 Kxd8 27. Kd3
Kd7 28. f3 Kd6 29. Kd4 Nd7 30. h4 Nf6 31. c3 Nd7 32. Nc4+ Ke6 33. b4 Nb8 34.
bxa5 Nc6+ 35. Kd3 bxa5 36. Ke4 f6 37. g4 f5+ 38. Kf4 fxg4 39. fxg4 hxg4 40. Kxg4
Kd5 41. Nd2 Ne5+ 42. Kg5 Ke6 43. Nb3 Nf3+ 44. Kxg6 Nxh4+ 45. Kg5 Nf5 46. Nxa5
Ne7 47. c4 Nc8 48. Nb7 Nb6 49. Nc5+ Kd6 50. Nb7+ Kd7 51. Nc5+ Kd6 52. Nb7+ Kd7
53. Nc5+ 1/2-1/2

[Event "13th EICC"]
[Site "Plovdiv BUL"]
[Date "2012.03.29"]
[Round "9.51"]
[White "Delchev, Aleksander"]
[Black "Zontakh, Andrey"]
[Result "1/2-1/2"]
[WhiteTitle "GM"]
[BlackTitle "GM"]
[WhiteElo "2622"]
[BlackElo "2556"]
[WhiteFideId "2900394"]
[BlackFideId "14101130"]
[EventDate "2012.03.20"]
[EventType "swiss"]

1. c4 e6 2. Nf3 Nf6 3. g3 d5 4. Bg2 dxc4 5. Qa4+ Nbd7 6. Qxc4 a6 7. Qc2 Rb8 8.
O-O b6 9. d4 Bb7 10. Nc3 Bb4 11. Rd1 O-O 12. Bg5 Bxc3 13. Bxf6 Qxf6 14. Qxc3 c5
15. Rac1 a5 16. dxc5 Nxc5 17. Qxf6 gxf6 18. Nd4 Rfd8 19. Nc6 Bxc6 20. Bxc6 Kf8
21. Kg2 Ke7 22. Rxd8 Rxd8 23. Rc2 Rd1 24. Bb5 f5 25. b3 Kf6 26. Rb2 Ne4 27. b4
axb4 28. Rxb4 Nc3 29. Bd3 Nxa2 30. Rxb6 Nc3 31. Rb3 Rc1 32. Rb4 Nd5 33. Rh4 Kg7
34. Rd4 Nf6 35. h3 Rc5 36. Ra4 Rd5 37. Ra7 Rd7 38. Ra4 Rd5 39. Ra7 Rd7 40. Rxd7
Nxd7 1/2-1/2

[Event "13th EICC"]
[Site "Plovdiv BUL"]
[Date "2012.03.29"]
[Round "9.53"]
[White "Grandelius, Nils"]
[Black "Andriasian, Zaven"]
[Result "0-1"]
[WhiteTitle "GM"]
[BlackTitle "GM"]
[WhiteElo "2545"]
[BlackElo "2616"]
[WhiteFideId "1710400"]
[BlackFideId "13302000"]
[EventDate "2012.03.20"]
[EventType "swiss"]

1. e4 c5 2. Nf3 d6 3. d4 cxd4 4. Nxd4 Nf6 5. Nc3 a6 6. Bc4 e6 7. Bb3 Nbd7 8. f4
b5 9. f5 Nc5 10. fxe6 fxe6 11. Bg5 Bd7 12. O-O Be7 13. Kh1 O-O 14. Nf5 b4 15.
Nxe7+ Qxe7 16. Bxf6 gxf6 17. Nb1 Kh8 18. Nd2 Rg8 19. Rf2 Rg6 20. Bc4 Bc6 21. a3
bxa3 22. Rxa3 Nxe4 23. Nxe4 Bxe4 24. Qd4 Rg4 25. Kg1 Rag8 26. Rg3 Rxg3 27. hxg3
d5 28. Bf1 e5 29. Qb6 f5 30. Qxa6 Rxg3 31. b4 Rg6 32. Qa5 Kg7 33. b5 f4 34. b6
Qb7 35. Qc3 Re6 36. Rxf4 Qxb6+ 37. Kh2 Rh6+ 38. Kg3 Rg6+ 39. Kh2 d4 40. Qa3 Rh6+
41. Kg1 exf4 42. Qe7+ Kg6 43. Qxe4+ Kf6 44. Qxf4+ Ke7 45. Qe5+ Re6 46. Qg7+ Kd8
47. Bd3 Re7 48. Qf8+ Re8 49. Qf7 Re1+ 50. Kf2 Re7 51. Qf8+ Re8 52. Qf4 Qb4 53.
Kg1 Qe1+ 54. Kh2 Qe5 55. Qxe5 Rxe5 56. Kg3 h6 57. Kf4 Re6 58. Bc4 Re1 59. Kf5
Ke7 60. Kg6 Rh1 61. Be2 Rh2 62. Bf3 Kd6 63. Kf5 Kc5 64. Ke4 Kc4 65. Kf5 Kc3 66.
Be4 Rh5+ 67. Kf4 Rh1 68. Ke5 Rg1 69. Kd5 h5 70. Ke5 h4 71. Kd5 Rf1 72. Ke5 Rf8
73. Bd3 Re8+ 74. Kf4 Kd2 75. Kg4 Rg8+ 76. Kf3 Rg3+ 77. Ke4 Rxg2 78. Kxd4 h3 79.
Be4 Rg4 80. Kd5 Rxe4 0-1

[Event "13th EICC"]
[Site "Plovdiv BUL"]
[Date "2012.03.29"]
[Round "9.54"]
[White "Marin, Mihail"]
[Black "Buhmann, Rainer"]
[Result "1/2-1/2"]
[WhiteTitle "GM"]
[BlackTitle "GM"]
[WhiteElo "2539"]
[BlackElo "2614"]
[WhiteFideId "1200020"]
[BlackFideId "4651340"]
[EventDate "2012.03.20"]
[EventType "swiss"]

1. d4 d5 2. Nf3 Nf6 3. g3 c6 4. Bg2 Bf5 5. O-O h6 6. c4 e6 7. Nc3 Be7 8. b3 O-O
9. Bb2 Ne4 10. Nd2 Nxc3 11. Bxc3 Nd7 12. e4 dxe4 13. Nxe4 Nf6 14. Nc5 Qc7 15.
Qe2 Rad8 16. Rad1 Nd7 17. Ne4 Nf6 18. Nc5 Nd7 19. Ne4 Nf6 20. Nc5 Nd7 1/2-1/2

[Event "13th EICC"]
[Site "Plovdiv BUL"]
[Date "2012.03.29"]
[Round "9.57"]
[White "Kozul, Zdenko"]
[Black "Yilmaz, Mustafa"]
[Result "0-1"]
[WhiteTitle "GM"]
[BlackTitle "IM"]
[WhiteElo "2602"]
[BlackElo "2530"]
[WhiteFideId "14502879"]
[BlackFideId "6302718"]
[EventDate "2012.03.20"]
[EventType "swiss"]

1. Nf3 Nf6 2. c4 c6 3. Nc3 d5 4. e3 g6 5. d4 Bg7 6. Bd3 O-O 7. O-O Bg4 8. h3
Bxf3 9. Qxf3 e6 10. Rd1 Nbd7 11. b3 Re8 12. Bf1 h5 13. Bd2 Qc7 14. a4 Nf8 15.
Rac1 Red8 16. Be1 N8h7 17. Qe2 Ng5 18. f3 Re8 19. f4 Ngh7 20. c5 a6 0-1

[Event "13th EICC"]
[Site "Plovdiv BUL"]
[Date "2012.03.29"]
[Round "9.58"]
[White "Rogozenco, Dorian"]
[Black "Solak, Dragan"]
[Result "0-1"]
[WhiteTitle "GM"]
[BlackTitle "GM"]
[WhiteElo "2536"]
[BlackElo "2602"]
[WhiteFideId "1210319"]
[BlackFideId "916811"]
[EventDate "2012.03.20"]
[EventType "swiss"]

1. d4 d6 2. Nf3 g6 3. c4 Bg7 4. Nc3 e5 5. dxe5 dxe5 6. Qxd8+ Kxd8 7. Bd2 Be6 8.
e3 f6 9. O-O-O Nd7 10. h3 Nh6 11. Ne4 Nf7 12. Bc3 b6 13. g4 Ke7 14. Rg1 a5 15.
Nfd2 Rhg8 16. Be2 Bh8 17. h4 h6 18. Ng3 f5 19. gxf5 gxf5 20. e4 fxe4 21. Ndxe4
Nf6 22. h5 Nxe4 23. Nxe4 Nd6 24. Nxd6 cxd6 25. Bd2 Rac8 26. b3 Rxg1 27. Rxg1 b5
28. Bxh6 bxc4 29. bxc4 Bxc4 30. Bxc4 Rxc4+ 31. Kb2 Bf6 32. Bd2 Rh4 33. h6 Rh2
34. Rf1 Bh4 35. Be3 d5 36. Bc5+ Ke6 37. Kb3 Bg5 38. Ka4 d4 39. Kxa5 Kd5 40. Kb5
Rxh6 41. a4 Bd8 42. Rd1 Rh7 43. Bb6 Bxb6 44. Kxb6 Rh6+ 45. Kb5 Rh8 46. a5 Rb8+
47. Ka6 Rb2 48. Rf1 e4 49. Ka7 d3 50. a6 Kd4 51. Ka8 Ra2 52. a7 d2 53. Kb7 Kd3 0-1

[Event "13th EICC"]
[Site "Plovdiv BUL"]
[Date "2012.03.29"]
[Round "9.59"]
[White "Hovhannisyan, Robert"]
[Black "Djukic, Nikola"]
[Result "1/2-1/2"]
[WhiteTitle "GM"]
[BlackTitle "GM"]
[WhiteElo "2600"]
[BlackElo "2513"]
[WhiteFideId "13302507"]
[BlackFideId "922412"]
[EventDate "2012.03.20"]
[EventType "swiss"]

1. e4 c5 2. Nf3 Nc6 3. d4 cxd4 4. Nxd4 Qc7 5. Nc3 e6 6. g3 a6 7. Bg2 Nf6 8. O-O
Bc5 9. Nxc6 dxc6 10. Na4 Ba7 11. c4 Nd7 12. b4 a5 13. bxa5 Qxa5 14. Kh1 e5 15.
Bd2 Qa6 16. c5 Nxc5 17. Nxc5 Bxc5 18. Bc3 Qa4 19. Bxe5 Qxd1 20. Rfxd1 O-O 21.
Bd4 Bxd4 22. Rxd4 Be6 23. Rb4 b5 24. e5 Rfc8 25. a4 Ra5 26. Be4 bxa4 27. Rbxa4
Rxe5 28. Bf3 Bd5 29. Bxd5 Rxd5 30. Rf4 g6 31. Ra7 Rf5 32. Rxf5 gxf5 33. Kg2 c5
34. Kf3 c4 35. Kf4 c3 36. Ra1 Kg7 37. Kxf5 Rd8 38. Ke4 Rd2 39. Ke3 Rc2 40. Ra4
Kg6 41. Rg4+ Kf6 42. Rf4+ Kg6 43. Kd3 Rc1 44. Rc4 h5 45. Rxc3 Rh1 46. h4 Re1 47.
Rc4 Re5 48. Re4 Ra5 49. Re8 Ra3+ 50. Ke4 Ra4+ 51. Kf3 f6 52. Re4 Ra2 53. Rd4 Rb2
54. Ke3 Ra2 55. f3 Rg2 56. Rd8 Rh2 57. Ke4 Re2+ 58. Kf4 Rf2 59. Rd5 Rf1 60. Ke3
Rh1 61. f4 Rf1 62. Ke2 Ra1 63. f5+ Kg7 64. Kf2 Rh1 65. Kg2 Ra1 1/2-1/2

[Event "13th EICC"]
[Site "Plovdiv BUL"]
[Date "2012.03.29"]
[Round "9.60"]
[White "Michalik, Peter"]
[Black "Sedlak, Nikola"]
[Result "1/2-1/2"]
[WhiteTitle "GM"]
[BlackTitle "GM"]
[WhiteElo "2529"]
[BlackElo "2593"]
[WhiteFideId "14907526"]
[BlackFideId "922900"]
[EventDate "2012.03.20"]
[EventType "swiss"]

1. d4 e6 2. c4 Bb4+ 3. Bd2 a5 4. g3 Nf6 5. Bg2 d6 6. Qa4+ Bd7 7. Qb3 Nc6 8. Bxb4
axb4 9. Nf3 Qb8 10. O-O Qa7 11. e3 O-O 12. Nbd2 Qa4 13. Qd3 e5 14. Ne1 exd4 15.
exd4 d5 16. b3 dxc4 17. bxc4 Qa3 18. Nb3 Qb2 19. Qc2 Qc3 20. Bxc6 Bxc6 21. Rc1
Qxc2 22. Nxc2 Rxa2 23. Nxb4 Rb2 24. Rb1 Rxb1 25. Rxb1 Be4 26. Ra1 h5 27. Nd2 Bf5
28. f3 b6 29. d5 b5 30. Nc6 Re8 31. d6 cxd6 32. cxb5 Re2 33. b6 Rxd2 34. b7 Nd7
35. Ne7+ Kh7 36. Nxf5 Rd5 37. g4 hxg4 38. fxg4 g6 39. Ne3 Rb5 40. Ra7 Nc5 41.
b8=R Rxb8 42. Rxf7+ Kg8 43. Rf6 Rb1+ 44. Kg2 Rb2+ 45. Kf3 Rf2+ 46. Kxf2 Ne4+ 47.
Kf3 Nxf6 1/2-1/2

[Event "13th EICC"]
[Site "Plovdiv BUL"]
[Date "2012.03.29"]
[Round "9.62"]
[White "Zhigalko, Andrey"]
[Black "Holzke, Frank"]
[Result "1-0"]
[WhiteTitle "GM"]
[BlackTitle "GM"]
[WhiteElo "2590"]
[BlackElo "2508"]
[WhiteFideId "13502247"]
[BlackFideId "4600428"]
[EventDate "2012.03.20"]
[EventType "swiss"]

1. e4 e5 2. Nf3 Nc6 3. Bb5 a6 4. Ba4 Nf6 5. O-O Nxe4 6. d4 b5 7. Bb3 d5 8. dxe5
Be6 9. Nbd2 Nc5 10. c3 Be7 11. Bc2 d4 12. Nb3 d3 13. Bb1 Nxb3 14. axb3 Bf5 15.
Be3 O-O 16. Bd4 Qd5 17. Re1 d2 18. Re2 Bxb1 19. Rxb1 Nxd4 20. Nxd4 Bg5 21. g3 g6
22. f4 c5 23. Nc2 Be7 24. Rxd2 Qxb3 25. Ne3 Qxd1+ 26. Rbxd1 Rfd8 27. Nd5 Kf8 28.
g4 Rd7 29. Kf2 Rad8 30. Ke3 a5 31. Ke4 c4 32. f5 Bg5 33. Rd4 Kg7 34. f6+ Kh6 35.
Ne7 Rxd4+ 36. Rxd4 Rb8 37. Rd7 b4 38. cxb4 Bxf6 39. exf6 Rxb4 40. h4 c3+ 41. Rd4 1-0

[Event "13th EICC"]
[Site "Plovdiv BUL"]
[Date "2012.03.29"]
[Round "9.65"]
[White "Kulaots, Kaido"]
[Black "Fodor, Tamas Jr."]
[Result "0-1"]
[WhiteTitle "GM"]
[BlackTitle "FM"]
[WhiteElo "2585"]
[BlackElo "2482"]
[WhiteFideId "4500261"]
[BlackFideId "723762"]
[EventDate "2012.03.20"]
[EventType "swiss"]

1. d4 d5 2. c4 e6 3. Nf3 Nf6 4. Nc3 c6 5. Bg5 Nbd7 6. e3 Qa5 7. cxd5 Nxd5 8. Qd2
Bb4 9. Rc1 O-O 10. Bd3 h6 11. Bh4 e5 12. O-O Re8 13. Qc2 exd4 14. Nxd5 Qxd5 15.
Nxd4 Ne5 0-1

[Event "13th EICC"]
[Site "Plovdiv BUL"]
[Date "2012.03.29"]
[Round "9.66"]
[White "Onischuk, Vladimir"]
[Black "Nyzhnyk, Illya"]
[Result "1/2-1/2"]
[WhiteTitle "GM"]
[BlackTitle "GM"]
[WhiteElo "2516"]
[BlackElo "2585"]
[WhiteFideId "14114038"]
[BlackFideId "14118084"]
[EventDate "2012.03.20"]
[EventType "swiss"]

1. e4 e6 2. d4 d5 3. Nc3 Nf6 4. Bg5 dxe4 5. Nxe4 Nbd7 6. Nf3 h6 7. Nxf6+ Nxf6 8.
Bxf6 Qxf6 9. Bd3 Bd6 10. Qe2 O-O 11. O-O Rd8 12. Rad1 g6 13. Ne5 Bd7 14. Qe3 Bf8
15. Be4 Rab8 16. f4 Bg7 17. Qa3 a6 18. c4 Be8 19. g3 Bf8 20. Qa5 Qe7 21. a3 Qd6
22. c5 Qe7 23. Qc3 b6 24. b4 bxc5 25. dxc5 a5 26. Kg2 axb4 27. axb4 Bg7 28. h4
Bb5 29. Rfe1 Rxd1 30. Rxd1 Rd8 31. Qf3 g5 32. hxg5 hxg5 33. Bd3 gxf4 34. Bxb5
Bxe5 35. gxf4 Rxd1 36. Qxd1 Bxf4 37. Qg4+ Bg5 38. Bc4 Kf8 39. Qd4 Bf6 40. Qe3
Bg7 41. Qf4 Kg8 42. Bd3 Qd8 43. Be2 Bf6 44. Bh5 Kg7 45. Qg3+ Kf8 46. Qf4 Kg7 47.
Qg3+ Bg5 48. Qe5+ Kg8 49. b5 Be7 50. Qg3+ Kf8 51. Qe5 Bf6 52. Qf4 Ke7 53. Bf3
Kf8 54. b6 cxb6 55. cxb6 Bg5 56. Qb4+ Be7 57. Qc3 Kg8 58. b7 Bd6 59. Qc8 Qf8 60.
Be4 Bb8 61. Kf3 Kg7 62. Qxf8+ Kxf8 63. Bd3 1/2-1/2

[Event "13th EICC"]
[Site "Plovdiv BUL"]
[Date "2012.03.29"]
[Round "9.67"]
[White "Huschenbeth, Niclas"]
[Black "Banusz, Tamas"]
[Result "1-0"]
[WhiteTitle "GM"]
[BlackTitle "GM"]
[WhiteElo "2509"]
[BlackElo "2583"]
[WhiteFideId "24604747"]
[BlackFideId "722413"]
[EventDate "2012.03.20"]
[EventType "swiss"]

1. e4 e5 2. f4 exf4 3. Nf3 h6 4. d4 g5 5. Nc3 Bg7 6. g3 d6 7. gxf4 g4 8. Rg1 Kf8
9. Be3 f5 10. Bc4 gxf3 11. Qxf3 fxe4 12. Qg3 Qe7 13. Nd5 Qf7 14. f5 Bxf5 15.
O-O-O b5 16. Bb3 Nf6 17. Rdf1 Nxd5 18. Bxd5 Qxd5 19. Qxg7+ Ke8 20. Qxh8+ Kd7 21.
Rg8 Bh3 22. Rfg1 Qxa2 23. Rxb8 Rxb8 24. Qxb8 1-0

[Event "13th EICC"]
[Site "Plovdiv BUL"]
[Date "2012.03.29"]
[Round "9.70"]
[White "Cioara, Andrei-Nestor"]
[Black "Chatalbashev, Boris"]
[Result "1/2-1/2"]
[WhiteTitle "IM"]
[BlackTitle "GM"]
[WhiteElo "2477"]
[BlackElo "2570"]
[WhiteFideId "1203509"]
[BlackFideId "2900440"]
[EventDate "2012.03.20"]
[EventType "swiss"]

1. e4 g6 2. d4 Bg7 3. f4 c5 4. d5 d6 5. Nc3 Nf6 6. Nf3 O-O 7. Bd3 e6 8. O-O exd5
9. exd5 Na6 10. h3 Nb4 11. Bc4 Bf5 12. Rf2 Ne4 13. Nxe4 Bxe4 14. Ng5 b5 15. Bxb5
Bxd5 16. c3 Qb6 17. Be2 c4 18. cxb4 Bd4 19. Kh2 Bxf2 20. Qxd5 Qxb4 21. Ne4 Qe1
22. Qd1 Bg1+ 23. Kh1 Qxd1 24. Bxd1 Bb6 25. Bd2 Bd4 26. Bc3 Bxc3 27. bxc3 Rfd8
28. Nf6+ Kg7 29. Nd5 Rab8 30. a4 Rb2 31. a5 Rdb8 32. Nb4 d5 33. Nxd5 Rb1 34.
Rxb1 Rxb1 35. Ne3 Rc1 36. Kg1 Rxc3 37. Kf2 Rc1 38. Ke2 c3 39. Bc2 Ra1 40. Nc4
Rg1 41. Ne3 1/2-1/2

[Event "13th EICC"]
[Site "Plovdiv BUL"]
[Date "2012.03.29"]
[Round "9.71"]
[White "Swiercz, Dariusz"]
[Black "Lomsadze, Davit"]
[Result "1-0"]
[WhiteTitle "GM"]
[WhiteElo "2565"]
[BlackElo "2338"]
[WhiteFideId "1126881"]
[BlackFideId "13603450"]
[EventDate "2012.03.20"]
[EventType "swiss"]

1. d4 Nf6 2. Nf3 g6 3. g3 Bg7 4. Bg2 O-O 5. O-O d6 6. c4 Nc6 7. Nc3 a6 8. b3 Rb8
9. Nd5 b5 10. Nxf6+ Bxf6 11. cxb5 axb5 12. Bb2 Na5 13. Qd2 c6 14. Rfc1 b4 15. e4
Ba6 16. h4 e6 17. Re1 Bg7 18. Rad1 Qb6 19. h5 Rfe8 20. h6 Bf8 21. e5 c5 22. dxc5
dxc5 23. Qf4 Qc7 24. Rd6 Bb7 25. Red1 Re7 26. Nd2 f5 27. Nc4 Bxg2 28. Kxg2 Qb7+
29. Kg1 Nxc4 30. Qxc4 Qb5 31. Qxb5 Rxb5 32. Bc1 Ra5 33. Bg5 Re8 34. Rd7 Rea8 35.
Rxh7 Rxa2 36. Rdd7 1-0

[Event "13th EICC"]
[Site "Plovdiv BUL"]
[Date "2012.03.29"]
[Round "9.73"]
[White "Gabuzyan, Hovhannes"]
[Black "Nevednichy, Vladislav"]
[Result "0-1"]
[WhiteTitle "FM"]
[BlackTitle "GM"]
[WhiteElo "2441"]
[BlackElo "2562"]
[WhiteFideId "13303732"]
[BlackFideId "1205730"]
[EventDate "2012.03.20"]
[EventType "swiss"]

1. g3 g6 2. Bg2 Bg7 3. d4 d6 4. e4 Nc6 5. Ne2 e5 6. Be3 Nf6 7. d5 Ne7 8. h3 O-O
9. c4 c6 10. O-O cxd5 11. cxd5 b5 12. a3 Bd7 13. Nbc3 Qb8 14. Qd3 Rc8 15. f4
exf4 16. gxf4 b4 17. axb4 Qxb4 18. e5 Ne8 19. e6 fxe6 20. dxe6 Bc6 21. Bxc6 Rxc6
22. f5 Nxf5 23. Rxf5 gxf5 24. Qxf5 d5 25. Qf7+ Kh8 26. Rxa7 Rcc8 27. Re7 Qh4 28.
Kh2 Be5+ 29. Kg2 Nd6 30. Qf3 Rg8+ 31. Kh1 0-1

[Event "13th EICC"]
[Site "Plovdiv BUL"]
[Date "2012.03.29"]
[Round "9.74"]
[White "Klein, David"]
[Black "Ipatov, Alexander"]
[Result "0-1"]
[WhiteTitle "FM"]
[BlackTitle "GM"]
[WhiteElo "2418"]
[BlackElo "2561"]
[WhiteFideId "1003623"]
[BlackFideId "14116731"]
[EventDate "2012.03.20"]
[EventType "swiss"]

1. e4 b6 2. d4 Bb7 3. Bd3 g6 4. Nf3 Bg7 5. O-O d6 6. Re1 Nd7 7. Nc3 e6 8. e5
dxe5 9. Nxe5 Ne7 10. Bg5 Nxe5 11. dxe5 h6 12. Bh4 g5 13. Bg3 h5 14. h4 Ng6 15.
Bxg6 fxg6 16. Qxd8+ Rxd8 17. hxg5 h4 18. Bh2 h3 19. gxh3 Rxh3 20. Rad1 Rxd1 21.
Nxd1 Rh5 22. Re3 Rxg5+ 23. Bg3 Rh5 24. f3 Bf8 25. Kg2 Rh7 26. Nf2 Bc5 27. Rd3
Rd7 28. Rxd7 Kxd7 29. Nd3 Be7 30. Kf2 g5 31. Ke3 Ke8 32. Be1 Kf7 33. Bc3 Kg6 34.
Kf2 Ba6 35. Nc1 Bc4 36. b3 Ba6 37. Bb2 Kf5 38. c4 b5 39. cxb5 Bc5+ 40. Kg3 Bxb5
41. b4 Bxb4 42. Nb3 Be1+ 43. Kg2 Bc4 44. Nd4+ Kg6 45. a3 Bd5 46. Nb5 g4 47. Nxc7
gxf3+ 48. Kg1 Bh4 49. Nxd5 exd5 50. Bd4 a6 51. Bf2 Bxf2+ 52. Kxf2 Kf5 53. Kxf3
Kxe5 54. Ke3 d4+ 55. Kd3 Kd5 56. Kd2 Kc4 57. Kc2 a5 58. Kd2 Kb3 0-1

[Event "13th EICC"]
[Site "Plovdiv BUL"]
[Date "2012.03.29"]
[Round "9.75"]
[White "Petenyi, Tamas"]
[Black "Rapport, Richard"]
[Result "0-1"]
[WhiteTitle "FM"]
[BlackTitle "GM"]
[WhiteElo "2359"]
[BlackElo "2559"]
[WhiteFideId "14909090"]
[BlackFideId "738590"]
[EventDate "2012.03.20"]
[EventType "swiss"]

1. e4 c6 2. d4 d5 3. e5 Bf5 4. Nc3 Qb6 5. a4 a6 6. Nf3 e6 7. a5 Qc7 8. Bd2 Nd7
9. Na4 Bg4 10. Be2 Ne7 11. b4 Nf5 12. c3 Be7 13. O-O h5 14. h3 Bxf3 15. Bxf3 g6
16. Nc5 Bf8 17. Qc1 Bh6 18. Bxh6 Nxh6 19. Qg5 Nf5 20. Nxe6 fxe6 21. Qxg6+ Ke7
22. Bxh5 Rag8 23. Qf7+ Kd8 24. Bg4 Nf8 25. Qxc7+ Kxc7 26. g3 Nh7 27. Bxf5 exf5
28. Kg2 Ng5 29. f4 Ne4 30. Rf3 Rh7 31. Rg1 Rgh8 32. Rh1 b6 33. axb6+ Kxb6 34. h4
Rg8 35. Kh3 Rhg7 36. Rg1 Rg4 37. Kh2 Kb5 38. Rg2 Kc4 39. Rg1 R4g6 40. Rg2 Kb5
41. Rg1 Kb6 42. Rg2 R6g7 43. Kh3 a5 44. bxa5+ Kxa5 45. Kh2 Kb6 46. Kh3 c5 47.
Kh2 c4 48. Rg1 Kc6 49. Rg2 Ra7 50. Kh3 Ra1 51. Kh2 Rd1 52. h5 Rd3 53. Rxd3 cxd3 0-1

[Event "13th EICC"]
[Site "Plovdiv BUL"]
[Date "2012.03.29"]
[Round "9.79"]
[White "Drenchev, Petar"]
[Black "Socko, Bartosz"]
[Result "0-1"]
[WhiteTitle "GM"]
[BlackTitle "GM"]
[WhiteElo "2499"]
[BlackElo "2647"]
[WhiteFideId "2903261"]
[BlackFideId "1107038"]
[EventDate "2012.03.20"]
[EventType "swiss"]

1. d4 Nf6 2. Nf3 e6 3. g3 b5 4. Bg2 Bb7 5. O-O c5 6. c3 Be7 7. Nbd2 O-O 8. Re1
Nc6 9. e4 d5 10. exd5 Nxd5 11. dxc5 Bxc5 12. Nb3 Be7 13. a4 a6 14. Nfd4 Nxd4 15.
Nxd4 Qb6 16. Qe2 Bf6 17. Be3 Nxe3 18. Bxb7 Qxb7 19. fxe3 b4 20. Rac1 bxc3 21.
Rxc3 Rfd8 22. Rc4 Qb6 23. a5 Qb7 24. Rec1 h6 25. Nc6 Rd6 26. b4 Qb5 27. R4c2 Qb7
28. Rc4 Kh8 29. R1c2 Qd7 30. e4 Bd4+ 31. Kg2 e5 32. Qh5 Re8 33. Qf5 Qb7 34. Nxd4
exd4 35. Rc8 Rdd8 36. R8c7 Qxe4+ 37. Qxe4 Rxe4 38. Rxf7 d3 39. Rd2 Rxb4 40. Rc7
Rb5 41. Rc3 Rbd5 42. Kf3 Rxa5 43. Rcxd3 Rf5+ 44. Ke4 Rxd3 45. Rxd3 Rf8 46. Rd7
Ra8 47. Kd4 a5 48. Kc3 a4 49. Kb2 Rf8 0-1

[Event "13th EICC"]
[Site "Plovdiv BUL"]
[Date "2012.03.29"]
[Round "9.80"]
[White "Baron, Tal"]
[Black "Safarli, Eltaj"]
[Result "*"]
[WhiteTitle "GM"]
[BlackTitle "GM"]
[WhiteElo "2497"]
[BlackElo "2645"]
[WhiteFideId "2809958"]
[BlackFideId "13402129"]
[EventDate "2012.03.20"]
[EventType "swiss"]

1. d4 Nf6 2. c4 e6 3. g3 d5 4. Nf3 Be7 5. Bg2 O-O 6. O-O dxc4 7. Qc2 a6 8. Qxc4
b5 9. Qc2 Bb7 10. Bd2 Be4 11. Qc1 Bb7 12. Qc2 Be4 13. Qc1 Bb7 14. Qc2 *